| 000 | 00596nam a22001697a 4500 | ||
|---|---|---|---|
| 020 | _qHard Cover. | ||
| 082 | _a330 | ||
| 100 | _aMuhammad Uzair Wamiq | ||
| 245 |
_aEFFECT OF MENTAL HEALTH ON ACADEMIC PERFORMANCE / _cMuhammad Uzair Wamiq, Sheikh Rohaz Tahir and Owais ur Rehman. |
||
| 260 |
_aIslamabad: _bS3H - NUST, _c2019. |
||
| 300 |
_a39 p. : _bill. ; _c30cm. |
||
| 650 |
_aEconomics BS-Project Report. _927430 |
||
| 700 |
_aIram Abrar. _927440 |
||
| 856 | _uhttp://10.250.8.41:8080/xmlui/handle/123456789/3313 | ||
| 942 |
_2ddc _cPR |
||
| 999 |
_c533511 _d533511 |
||